Los judíos en la antiguedad. Desde el exilio en Babilonia hasta la irrupción del islam.

Spremljeno u:
Bibliografski detalji
Glavni autor: Bermejo Rubio, Fernando (autor)
Format: Nepoznato
Izdano: Madrid, España: Síntesis, 2020.
Serija:Temas de Historia Antigua.
Teme:
Oznake: Dodaj oznaku
Bez oznaka, Budi prvi tko označuje ovaj zapis!

MARC

LEADER 00000 a2200000 4500
003 CL-VaPUC
005 20240327093309.0
008 240314t2020 ||||| |||| 00| 0 eng d
999 |c 443163  |d 443161 
020 |a  978-8491713913 
040 |c Pontificia Universidad Católica de Valparaíso 
082 7 |a 933 BER 2020  |2 22 
100 |a Bermejo Rubio, Fernando  |9 882829  |e autor 
245 1 3 |a Los judíos en la antiguedad.   |b Desde el exilio en Babilonia hasta la irrupción del islam.  
260 |a Madrid, España:  |b Síntesis,   |c 2020.  
300 |a 327 páginas.  
490 |a Temas de Historia Antigua.  
583 |k GC  |c 20240314 
650 |a Judios  |x Historia social y política  |y Siglos 6 a C.- 7 d. C.  |9 887753 
942 |2 ddc  |c BK 
952 |0 0  |1 0  |2 ddc  |4 0  |6 933_000000000000000_BER_2020  |7 0  |8 A  |9 593619  |a BIBHIS  |b BIBHIS  |d 2024-03-11  |e 3  |g 31091.00  |i 5660304  |l 1  |o 933 BER 2020  |p 5660304  |r 2024-04-17  |s 2024-04-01  |t 1  |v 31091.00  |w 2024-03-11  |y BK  |k HIS